Водни електрически централи и язовири (Запис номер 191712)
[ съкратено ]
| 000 -Лидер | |
|---|---|
| Контролно поле с фиксирана дължина | nam a22 a 4500 |
| 003 - Код на организацията, давaща контролен номер | |
| Контролно поле | BLK |
| 005 - Дата и час на последна редакция | |
| Контролно поле | 20230324141545.0 |
| 008 - Елементи от данни с фиксирана дължина | |
| fixed length control field | 180411b bul|||||r ||||||| ||bul|| |
| 010 ## - Наследен системен номер | |
| LC control number | KNG00200874000 |
| 020 ## - Международен стандартен номер на книга ISBN | |
| Международен стандартен номер на книга ISBN | 954-03-0193-9 |
| 040 ## - Източник на каталожния запис | |
| Идентификатор на билиотеката - собственик на записа | BLK |
| 041 ## - Код за език | |
| Код за езика на текст/звукозапис или на отделно заглавие | Български |
| Код за езика КДБФ | Български |
| 080 ## - УДК | |
| Текстов определител УДК | Водохранилища. Язовири. Съоръжения на водноелектрически централи (ВЕЦ). Вж и 621.311.2; 626.8; 628.1 |
| УДК код - определител по УДК | 627.8 |
| УДК определител | (075.32) |
| УДК - код + определител | 627.8(075.32) |
| 100 1# - Редна дума - Автор | |
| Автор | Щилиянов, Щилиян Атанасов |
| Авторска отговорност | първи автор |
| R(LIN) | 344715 |
| 139 ## - Редно поле | |
| Редна дума | Щилиянов, Щилиян Атанасов и др. |
| Авторски знак | Щил - Щ 41 |
| 245 10 - Сведения за заглавието | |
| Заглавие | Водни електрически централи и язовири |
| Редно поле (дума) | Щилиян Атанасов Щилиянов; съавт. Мария С. Соколова; съавт. Божидар А. Божинов. |
| 250 ## - Област на изданието | |
| Сведения за изданието | 2. прераб. изд. |
| 257 ## - Страна на издаване | |
| Страна на създаване/издаване | България |
| 260 ## - Област на издателските данни | |
| Място на издаване, разпространение и проч. | София |
| Име на издателя, разпространителя и проч. | Техника |
| Година на издаване | 1992 |
| Печатница | Хасково : Полиграф |
| 300 ## - Физическа характеристика | |
| Страници | 316 с. |
| Илюстрации и др. | с ил. |
| Размери/Мащаб | 21 см |
| 380 ## - Жанр | |
| Жанр | Техника |
| 500 ## - Общи забележки | |
| Забележка | 1. изд. 1979. |
| 650 #4 - Допълнително описание по предмет – тема | |
| Основно описание – тема или топоним | Водноелектрически централи |
| 9 (RLIN) | 289924 |
| 650 #4 - Допълнително описание по предмет – тема | |
| Основно описание – тема или топоним | Язовири |
| 9 (RLIN) | 178056 |
| 700 1# - Други автори (авторска отговорност) | |
| Лично име | Соколова, Мария С. |
| Автороска отговорност (Описва отношението между автора и произведението) | съавт. |
| 9 (RLIN) | 344555 |
| 700 1# - Други автори (авторска отговорност) | |
| Лично име | Божинов, Божидар А. |
| Автороска отговорност (Описва отношението между автора и произведението) | съавт. |
| 9 (RLIN) | 384088 |
| 852 ## - Местоположение | |
| Форматна сигнатура | Цб 171300 |
| Фондова буква | Хранилище |
| 856 4# - Електронен адрес и достъп | |
| Електронен формат | pdf - файл |
| Инструкция (цена за достъп) | 0.00 |
| Права за достъп | disable |
| 856 4# - Електронен адрес и достъп | |
| Електронен формат | pdf - файл |
| Инструкция (цена за достъп) | 0.00 |
| Права за достъп | disable |
| 999 ## - СИСТЕМНИ КОНТРОЛНИ НОМЕРА | |
| Koha biblionumber | 191712 |
| Koha biblioitemnumber | 191712 |
| 942 ## - АРТИКУЛИ | |
| Вид на библиотечния материал | Книги |
| Скрит в OPAC | Не |
| Koha issues (borrowed), all copies | 1 |
| Периодичен библиозапис | Да |
| 944 ## - СЪЗДАВАНЕ И РЕДАКЦИЯ на ЗАПИСА | |
| Създаване/Редакция | Създаване |
| Дата на регистрацията/редакция | 14.02.2017 |
| Служител, извършил регистрацията/редакцията | Правда_Бадева |
| 944 ## - СЪЗДАВАНЕ И РЕДАКЦИЯ на ЗАПИСА | |
| Създаване/Редакция | Редакция |
| Дата на регистрацията/редакция | 14.02.2017 |
| Служител, извършил регистрацията/редакцията | Правда_Бадева |
| 999 ## - СИСТЕМНИ КОНТРОЛНИ НОМЕРА | |
| Koha biblioitemnumber | 191712 |
| Код за отписване | Код за изгубен артикул | Източник на класификационната схема | Код за повреда | Коз за рестрикции | Код за отдаване | Артикулен № | Име на библиотеката - собственик | Име на библиотеката, в която се намира в момента | Статус (Текущо местоположение) | Дата на вписване в системата | Местоположение - отдел | Цена в лева | Инвентарен номер | Систематично азбучна сигнатура | Баркод | Номер на екземпляра | Цена в евро | Служебна бележка | Служебен тип на артикула |
|---|---|---|---|---|---|---|---|---|---|---|---|---|---|---|---|---|---|---|---|
| Не е изгубен | Universal Decimal Classification | Не е повреден | без рестрикции | ползва се в читалня | 336624 | Регионална библиотека "Любен Каравелов" Русе | Регионална библиотека "Любен Каравелов" Русе | Хранилище | 1992-01-01 | Хранилище | 2.12 | 576553 | Цб 171300 | 120000576553 | 1 | 1.08 | N: стар фонд Дата: 01.01.1992 | Книги | |
| Не е изгубен | Universal Decimal Classification | Не е повреден | без рестрикции | заемане за дома | 336625 | Регионална библиотека "Любен Каравелов" Русе | Регионална библиотека "Любен Каравелов" Русе | Заемна - подръчен фонд | 1992-01-01 | Заемна - подръчен фонд | 60.51 | 593418 | П 627/Щ 41 | 120000593418 | 2 | 30.94 | N: стар фонд Дата: 01.01.1992 Дата инв: 06.02.2018 Бележки инв: П2018 | Книги |